Faculty of Law Library — Cairo University

Official Online Catalog

Dicey and Morris on the conflict of laws. (Record no. 64703)

MARC details
000 -LEADER
fixed length control field 01305cam a2200397 i 4500
003 - CONTROL NUMBER IDENTIFIER
control field EG-GICUC
005 - DATE AND TIME OF LATEST TRANSACTION
control field 20260303084635.0
008 - FIXED-LENGTH DATA ELEMENTS--GENERAL INFORMATION
fixed length control field 940531s1993 enk frb 001 0 eng d
020 ## - INTERNATIONAL STANDARD BOOK NUMBER
International Standard Book Number 0420482806
020 ## - INTERNATIONAL STANDARD BOOK NUMBER
International Standard Book Number 9780420482808
040 ## - CATALOGING SOURCE
Original cataloging agency DLC
Transcribing agency DLC
Modifying agency DLC
-- EG-GICUC
Language of cataloging eng
Description conventions rda
043 ## - GEOGRAPHIC AREA CODE
Geographic area code e-uk---
050 00 - LIBRARY OF CONGRESS CALL NUMBER
Classification number KD680
Item number .D5 1993
082 00 - DEWEY DECIMAL CLASSIFICATION NUMBER
Classification number 341.84
Edition number 21
092 04 - LOCALLY ASSIGNED DEWEY CALL NUMBER (OCLC)
Edition number 21
099 ## - LOCAL FREE-TEXT CALL NUMBER (OCLC)
Classification number Law 12 1993
245 00 - TITLE STATEMENT
Title Dicey and Morris on the conflict of laws.
Number of part/section of a work Volume 1
246 30 - VARYING FORM OF TITLE
Title proper/short title Conflict of laws
246 14 - VARYING FORM OF TITLE
Title proper/short title Dicey & Morris, the conflict of laws
250 ## - EDITION STATEMENT
Edition statement 12th ed. /
Remainder of edition statement under the general editorship of Lawrence Collins with specialist editors.
264 ## - PRODUCTION, PUBLICATION, DISTRIBUTION, MANUFACTURE, AND COPYRIGHT NOTICE
Place of production, publication, distribution, manufacture London :
Name of producer, publisher, distributor, manufacturer Sweet & Maxwell,
Date of production, publication, distribution, manufacture, or copyright notice 1993.
300 ## - PHYSICAL DESCRIPTION
Extent 2 volume ;
Dimensions 26 cm.
336 ## - CONTENT TYPE
Content type term text
Source rdacontent
337 ## - MEDIA TYPE
Media type term Computer
Source rdamedia
338 ## - CARRIER TYPE
Carrier type term Online Resource
Source rdacarrier
500 ## - GENERAL NOTE
General note Volume 1 ( cc, 635, xlvi pages )
500 ## - GENERAL NOTE
General note Includes index.
500 ## - GENERAL NOTE
General note Kept up to date by supplements.
650 #0 - SUBJECT ADDED ENTRY--TOPICAL TERM
Topical term or geographic name entry element Conflict of laws
Geographic subdivision Great Britain.
700 1# - ADDED ENTRY--PERSONAL NAME
Personal name Dicey, A. V.
Fuller form of name (Albert Venn),
Dates associated with a name 1835-1922.
700 1# - ADDED ENTRY--PERSONAL NAME
Personal name Morris, John Humphrey Carlile.
700 1# - ADDED ENTRY--PERSONAL NAME
Personal name Collins, Lawrence
Fuller form of name (Lawrence Antony)
856 40 - ELECTRONIC LOCATION AND ACCESS
Uniform Resource Identifier <a href="https://fll.law.cu.edu.eg/fulltext/bks/ENGB12-00056.pdf">https://fll.law.cu.edu.eg/fulltext/bks/ENGB12-00056.pdf</a>
905 ## - Cataloger and Reviser Names
Cataloger Name: Hend El khosy
942 ## - ADDED ENTRY ELEMENTS (KOHA)
Source of classification or shelving scheme Dewey Decimal Classification
Koha item type Books
Edition 21
Suppress in OPAC No
Holdings
Withdrawn status Lost status Source of classification or shelving scheme Materials specified (bound volume or other part) Damaged status Not for loan Collection Home library Current library Date acquired Total checkouts Full call number Barcode Date last seen Copy number Price effective from Koha item type Public note
    Dewey Decimal Classification V1     القانون الدولي الخاص جــــامعة القــاهرة مكتبة كلية الحقوق - فـرع الشيخ زايد 03.03.2026   Law2 12 341.84 DI 12 ed - 1993 1200056 V1 , C1 ENGB12-00056 03.03.2026 1 03.03.2026 Books 1210

© All rights reserved — Faculty of Law, Cairo University